Deviant behavior (Record no. 8739)
[ view plain ]
| 000 -LEADER | |
|---|---|
| fixed length control field | 00499nam a2200193Ia 4500 |
| 003 - CONTROL NUMBER IDENTIFIER | |
| control field | 0100 |
| 008 - FIXED-LENGTH DATA ELEMENTS--GENERAL INFORMATION | |
| fixed length control field | 130303s9999 xx 000 0 und d |
| 040 ## - CATALOGING SOURCE | |
| Transcribing agency | ARRUPELIB |
| 050 ## - LIBRARY OF CONGRESS CALL NUMBER | |
| Classification number | HM291.D4847 1989 |
| 300 ## - PHYSICAL DESCRIPTION | |
| Other physical details | 86 p. 24 cm. |
| 245 ## - TITLE STATEMENT | |
| Title | Deviant behavior |
| 245 ## - TITLE STATEMENT | |
| Remainder of title | readings in the sociology of norm violations |
| 260 ## - PUBLICATION, DISTRIBUTION, ETC. (IMPRINT) | |
| Place of publication, distribution, etc | New York |
| 260 ## - PUBLICATION, DISTRIBUTION, ETC. (IMPRINT) | |
| Name of publisher, distributor, etc | Hemisphere Publishing Compamy |
| 260 ## - PUBLICATION, DISTRIBUTION, ETC. (IMPRINT) | |
| -- | 1989 |
| 300 ## - PHYSICAL DESCRIPTION | |
| Extent | xxi |
| 700 ## - ADDED ENTRY--PERSONAL NAME | |
| Personal name | ed. by Clifton D. Bryant , Bryant, Clifton D |
| 942 00 - ADDED ENTRY ELEMENTS (KOHA) | |
| Koha issues (borrowed), all copies | 1 |
| Withdrawn status | Lost status | Source of classification or shelving scheme | Damaged status | Not for loan | Collection code | Home library | Current library | Shelving location | Date acquired | Total Checkouts | Full call number | Barcode | Date last seen | Date checked out | Copy number | Price effective from | Koha item type |
|---|---|---|---|---|---|---|---|---|---|---|---|---|---|---|---|---|---|
| Library of Congress Classification | Main Collection | ARRUPE LIBRARY | ARRUPE LIBRARY | 04/03/2013 | 2 | HM291.D4847 1989 | 46003047462 | 30/04/2018 | 01/02/2017 | 1 | 04/03/2013 | Monograph ( Printed materials) |